[Event "Llinars del Valles op-B 12th"]
[Site "Llinars del Valles"]
[Date "2018.05.19"]
[Round "5.38"]
[White "Contijoch Montpart, Roger"]
[Black "Salvany Alonso, Artur"]
[Result "1-0"]
[WhiteElo "1116"]
[BlackElo "1250"]
[PlyCount "43"]
[EventDate "2018.04.14"]
[EventType "swiss"]
[EventRounds "8"]
[EventCountry "ESP"]
[SourceTitle "CBM 184 Extra"]
[Source "ChessBase"]
[SourceDate "2018.06.28"]
[SourceVersion "1"]
[SourceVersionDate "2018.06.28"]
[SourceQuality "1"]

1. e4 d5 2. exd5 Qxd5 3. Nc3 Qd6 4. Nf3 Nc6 5. Bc4 Bg4 6. h3 Bxf3 7. Qxf3 Qe5+ 8. Ne2 0-0-0 9. 0-0 e6 10. d3 g5 11. Qxf7 Qxe2 12. Bxg5 Nge7 13. Rfe1 Qxc2 14. Rxe6 Qxb2 15. Bf6 Nd4 16. Rae1 Qb4 17. Bxe7 Bxe7 18. Rxe7 Rd7 19. Re8+ Rxe8 20. Rxe8+ Rd8 21. Be6+ Nxe6 22. Qxe6+ 1-0